| 000 | 00518nam a2200217Ia 4500 | ||
|---|---|---|---|
| 003 | 0100 | ||
| 008 | 130307s9999 xx 000 0 und d | ||
| 020 | _a0883447878 | ||
| 040 | _cARRUPELIB | ||
| 050 | _aBX1753.C39 1992 | ||
| 245 | _aCatholic social thought | ||
| 245 | _bthe documentary heritage | ||
| 260 | _aNew York | ||
| 260 | _bOrbis Books | ||
| 260 | _c1992 | ||
| 300 | _aviii | ||
| 300 | _b688p. 24 cm | ||
| 650 | _aRELIGION | ||
| 700 | _aO'Brien, David J. & Shannon, Thomas A. (ed) | ||
| 942 | 0 | 0 | _01 |
| 999 |
_c92984 _d92984 |
||